| 000 | 00760nam a22002417a 4500 | ||
|---|---|---|---|
| 003 | UA-OsUOA | ||
| 001 | 52678 | ||
| 007 | ta | ||
| 008 | 20150720b un ||||| |||| 00| 0 ukr d | ||
| 100 | _aВерховинець І. | ||
| 090 |
_a09-94(47+57) _bВ36 |
||
| 942 | _cBR | ||
| 040 |
_aUA-OsUOA _bukr _cUA-OsUOA _dUA-OsUOA |
||
| 245 | _aСоціялістичне господарство СССР як інструмент російського імперіялізму. | ||
| 300 | _a46 с. | ||
| 955 | _a1 | ||
| 041 | _aukr | ||
| 080 | _a09-94(47+57) | ||
| 260 | _c1948 | ||
| 650 | 7 |
_a0 Загальний відділ. _2UDC |
|
| 999 |
_c432801 _d432801 |
||